<?xml version="1.0" encoding="UTF-8"?>
<collection xmlns="http://www.loc.gov/MARC21/slim">
    <record>
        <controlfield tag="001">62359</controlfield>
        <controlfield tag="005">20170921121705.0</controlfield>
        <datafield tag="037" ind1=" " ind2=" ">
            <subfield code="a">TAZ-TFG-2017-1301</subfield>
        </datafield>
        <datafield tag="041" ind1=" " ind2=" ">
            <subfield code="a">spa</subfield>
        </datafield>
        <datafield tag="100" ind1="1" ind2=" ">
            <subfield code="a">Rosselló Matamalas, Aina Maria</subfield>
        </datafield>
        <datafield tag="242" ind1="0" ind2="0">
            <subfield code="a">Feline squamous cell carcinoma: electrochemotherapy and other novel treatments</subfield>
        </datafield>
        <datafield tag="245" ind1="0" ind2="0">
            <subfield code="a">El carcinoma de células escamosas felino: la electroquimioterapia y otros tratamientos novedosos</subfield>
        </datafield>
        <datafield tag="260" ind1=" " ind2=" ">
            <subfield code="a">Zaragoza</subfield>
            <subfield code="b">Universidad de Zaragoza</subfield>
            <subfield code="c">2017</subfield>
        </datafield>
        <datafield tag="506" ind1=" " ind2=" ">
            <subfield code="a">by-nc-sa</subfield>
            <subfield code="b">Creative Commons</subfield>
            <subfield code="c">3.0</subfield>
            <subfield code="u">http://creativecommons.org/licenses/by-nc-sa/3.0/</subfield>
        </datafield>
        <datafield tag="520" ind1=" " ind2=" ">
            <subfield code="a">El cáncer es una de las patologías con mayor interés en la medicina veterinaria en nuestra época. Por este motivo, el presente trabajo pretende ofrecer una visión global acerca del carcinoma de células escamosas en gatos. El  carcinoma de células escamosas (CCE) es un tipo de neoplasia dérmica maligna cuya incidencia es mayor en gatos geriátricos de capa clara y con zonas despigmentadas. Por su carácter maligno, aparece relativamente rápido en la dermis de los felinos y está asociado a una serie de factores predisponentes tales como la exposición prolongada a la radiación solar y al humo del tabaco, entre otros. El principal objetivo de este proyecto es realizar una revisión bibliográfica global de la neoplasia, incluyendo datos acerca de la etiopatogenia, clasificación y predisposición y de los diferentes tipos de tratamientos médicos y quirúrgicos y sus correspondientes pronósticos. Además se presenta un enfoque detallado de la electroquimioterapia, una de las terapias más innovadoras para esta patología, junto a un caso real. Por último, se valora la eficacia de los diferentes tratamientos instaurados en pacientes reales mediante una revisión general de una pequeña selección de casos clínicos.</subfield>
        </datafield>
        <datafield tag="521" ind1=" " ind2=" ">
            <subfield code="a">Graduado en Veterinaria</subfield>
        </datafield>
        <datafield tag="540" ind1=" " ind2=" ">
            <subfield code="a">Derechos regulados por licencia Creative Commons</subfield>
        </datafield>
        <datafield tag="700" ind1=" " ind2=" ">
            <subfield code="a">Aceña Fabián, María Carmen</subfield>
            <subfield code="e">dir.</subfield>
        </datafield>
        <datafield tag="710" ind1="2" ind2=" ">
            <subfield code="a">Universidad de Zaragoza</subfield>
            <subfield code="b">Patología Animal</subfield>
            <subfield code="c">Medicina y Cirugía Animal</subfield>
        </datafield>
        <datafield tag="856" ind1="0" ind2=" ">
            <subfield code="f">670925@celes.unizar.es</subfield>
        </datafield>
        <datafield tag="856" ind1="4" ind2=" ">
            <subfield code="s">15590101</subfield>
            <subfield code="u">http://zaguan.unizar.es/record/62359/files/TAZ-TFG-2017-1301.pdf</subfield>
            <subfield code="y">Memoria (spa)</subfield>
        </datafield>
        <datafield tag="909" ind1="C" ind2="O">
            <subfield code="o">oai:zaguan.unizar.es:62359</subfield>
            <subfield code="p">driver</subfield>
            <subfield code="p">trabajos-fin-grado</subfield>
        </datafield>
        <datafield tag="950" ind1=" " ind2=" ">
            <subfield code="a"></subfield>
        </datafield>
        <datafield tag="951" ind1=" " ind2=" ">
            <subfield code="a">deposita:2017-09-20</subfield>
        </datafield>
        <datafield tag="980" ind1=" " ind2=" ">
            <subfield code="a">TAZ</subfield>
            <subfield code="b">TFG</subfield>
            <subfield code="c">VET</subfield>
        </datafield>
    </record>

    
</collection>